| 000 | 00832cam a22002054a 4500 | ||
|---|---|---|---|
| 005 | 20250605164119.0 | ||
| 008 | 250528s ||||||||||||||||||||||||d | ||
| 035 | _a18186 | ||
| 020 | _a23596511 | ||
| 040 |
_aGR-AtMCL _bgre _dGR-AtMCL _eAACR2 |
||
| 245 | 1 | _aAssembly Language for the IBM-PC / Second Edition | |
| 250 | _a2nd | ||
| 260 |
_bMacmillan Publishing Company, _c1993 |
||
| 300 | _a634 | ||
| 520 | _aIntroduction, Hardware and Software Architecture, Assembly Language Fundamentals, The Macro Assembler, Input-Output Services, Conditional Processing, Arithmetic, Numeric Conversions and Libraries, String Processing, Macros and Structures, Disk Storage, File Processing, High-Level Linking, Advanced Topics, Appendixes, Index. | ||
| 700 | 1 |
_aIrvine Kip R _94475 |
|
| 942 | _cBK | ||
| 999 |
_c3564 _d3564 |
||